<?xml version="1.0" encoding="UTF-8"?>
<record
    xmlns:xsi="http://www.w3.org/2001/XMLSchema-instance"
    xsi:schemaLocation="http://www.loc.gov/MARC21/slim http://www.loc.gov/standards/marcxml/schema/MARC21slim.xsd"
    xmlns="http://www.loc.gov/MARC21/slim">

  <leader>02956nam a2200505 i 4500</leader>
  <controlfield tag="003">DO-SdBNP</controlfield>
  <controlfield tag="005">20240529132238.0</controlfield>
  <controlfield tag="006">a||||er|||| 00| 0 </controlfield>
  <controlfield tag="007">ta</controlfield>
  <controlfield tag="008">240201e2012    dr ac||| |||| 00| 0 spa d</controlfield>
  <datafield tag="020" ind1=" " ind2=" ">
    <subfield code="a">9789945488050</subfield>
  </datafield>
  <datafield tag="040" ind1=" " ind2=" ">
    <subfield code="a">DO-SdBNP</subfield>
    <subfield code="b">spa</subfield>
    <subfield code="c">BNPHU</subfield>
    <subfield code="e">rda</subfield>
  </datafield>
  <datafield tag="082" ind1=" " ind2="4">
    <subfield code="2">22</subfield>
    <subfield code="b">C469f</subfield>
  </datafield>
  <datafield tag="245" ind1="0" ind2="0">
    <subfield code="a">Charcos de furia:</subfield>
    <subfield code="b">(poemas y cuentos) /</subfield>
    <subfield code="c">Ariel Contreras, Emilio Mancebo, Gretchenh de la Cruz, Gabriel Pichardo, G&#xE9;nesis Pe&#xF1;a; Editores, Valent&#xED;n Amaro y Eulogio Javier;</subfield>
  </datafield>
  <datafield tag="264" ind1=" " ind2="1">
    <subfield code="a">Santo Domingo :</subfield>
    <subfield code="b">&#xC1;ngeles de Fierro, </subfield>
    <subfield code="c">2012</subfield>
  </datafield>
  <datafield tag="300" ind1=" " ind2=" ">
    <subfield code="a">103 p&#xE1;ginas :</subfield>
    <subfield code="b">Ilustraciones ;</subfield>
    <subfield code="c">21 cm.</subfield>
  </datafield>
  <datafield tag="336" ind1=" " ind2=" ">
    <subfield code="2">rdacontent</subfield>
    <subfield code="a">texto</subfield>
    <subfield code="b">txt</subfield>
  </datafield>
  <datafield tag="337" ind1=" " ind2=" ">
    <subfield code="2">rdamedia</subfield>
    <subfield code="a">sin mediaci&#xF3;n</subfield>
    <subfield code="b">n</subfield>
  </datafield>
  <datafield tag="338" ind1=" " ind2=" ">
    <subfield code="2">rdacarrier</subfield>
    <subfield code="a">volumen</subfield>
    <subfield code="b">nc</subfield>
  </datafield>
  <datafield tag="490" ind1=" " ind2=" ">
    <subfield code="a">Tinta de Taller</subfield>
  </datafield>
  <datafield tag="505" ind1=" " ind2=" ">
    <subfield code="a">A prop&#xF3;sito de "Charcos de furia" del Taller Literario Letra Joven de Unibe.</subfield>
    <subfield code="r">Ariel Contreras:</subfield>
    <subfield code="t">Campanadas de vida y muerte.-- El vientre del caos.-- En un suspiro.-- Habl&#xE1;ndole a mi letra.-- y llegar a t&#xED; en las noches.</subfield>
    <subfield code="r">Emilio Mancebo:</subfield>
    <subfield code="t">Poema i.-- El eco silente.-- Mis manos.-- Relato de una pared desvelada.-- Deseo.</subfield>
    <subfield code="r">Gretchenh de la Cruz.</subfield>
    <subfield code="t">Hallazgo.-- Brote de olvido.-- Fantasma.-- en el fr&#xED;o.</subfield>
    <subfield code="r">Gabriel Pichardo:</subfield>
    <subfield code="t">Haikus I, II, II.</subfield>
    <subfield code="r">G&#xE9;nesis Pe&#xF1;a:</subfield>
    <subfield code="t">Poema qu&#xED;mico.--</subfield>
    <subfield code="r">Nadia Alejandra Do&#xF1;&#xE9; de los Santos:</subfield>
    <subfield code="t">Lo que me enamora.-- Inventario.</subfield>
    <subfield code="r">Wendy Fern&#xE1;ndez:</subfield>
    <subfield code="t">La luna.--</subfield>
    <subfield code="g">Shalyn Kae Eppler:</subfield>
    <subfield code="t">Sue&#xF1;o intrcambio.--</subfield>
  </datafield>
  <datafield tag="505" ind1=" " ind2=" ">
    <subfield code="r">Esteban Wick:</subfield>
    <subfield code="t">I.-- II.--</subfield>
    <subfield code="r">Luis Garc&#xED;a:</subfield>
    <subfield code="t">De bosque a bosque.-- Mi fiel amiga.--</subfield>
    <subfield code="r">Matilde Kerwin:</subfield>
    <subfield code="t">Recuerdos.--</subfield>
    <subfield code="r">Luc&#xED;a Galv&#xE1;n:</subfield>
    <subfield code="t">El malec&#xF3;n.--</subfield>
    <subfield code="r">Stephania Joseph:</subfield>
    <subfield code="t">Muriendo hacia la luna.--</subfield>
    <subfield code="r">Luis Alberto Tejeda:</subfield>
    <subfield code="t">Tr&#xE1;gica llamada.--</subfield>
    <subfield code="r">Valent&#xED;n Amaro:</subfield>
    <subfield code="t">Mariposas negras.--</subfield>
    <subfield code="g">Invitados Especiales.</subfield>
    <subfield code="r">&#xC1;ngel Joel Cadena:</subfield>
    <subfield code="t">Poema I.-- II.--</subfield>
    <subfield code="r">Alejandro Soto:</subfield>
    <subfield code="t">Quedar&#xED;a en tu conciencia eternamente.--</subfield>
    <subfield code="r">Laura Massiel M&#xE9;ndez:</subfield>
    <subfield code="t">Escapatoria inapelable.</subfield>
  </datafield>
  <datafield tag="590" ind1=" " ind2=" ">
    <subfield code="a">Inventariado 2024 / MF</subfield>
  </datafield>
  <datafield tag="650" ind1=" " ind2="4">
    <subfield code="a">Literatura dominicana</subfield>
    <subfield code="v">Antolog&#xED;a</subfield>
    <subfield code="9">83074</subfield>
  </datafield>
  <datafield tag="650" ind1=" " ind2=" ">
    <subfield code="a">Literatura dominicana</subfield>
    <subfield code="v">Poes&#xED;a</subfield>
    <subfield code="9">81340</subfield>
  </datafield>
  <datafield tag="650" ind1=" " ind2="0">
    <subfield code="a">Poes&#xED;a dominicana</subfield>
    <subfield code="v">Antolog&#xED;a</subfield>
    <subfield code="9">78060</subfield>
  </datafield>
  <datafield tag="700" ind1="1" ind2=" ">
    <subfield code="a">Contreras, Ariel,</subfield>
    <subfield code="e">autor</subfield>
    <subfield code="9">84837</subfield>
  </datafield>
  <datafield tag="700" ind1="1" ind2=" ">
    <subfield code="a">Mancebo, Emilio,</subfield>
    <subfield code="e">autor</subfield>
    <subfield code="9">84838</subfield>
  </datafield>
  <datafield tag="700" ind1="1" ind2=" ">
    <subfield code="a">Cruz., Gretchenh de la </subfield>
    <subfield code="e">autor</subfield>
    <subfield code="9">84839</subfield>
  </datafield>
  <datafield tag="700" ind1="1" ind2=" ">
    <subfield code="a">Pichardo, Gabriel </subfield>
    <subfield code="e">autor</subfield>
    <subfield code="9">84840</subfield>
  </datafield>
  <datafield tag="700" ind1="1" ind2=" ">
    <subfield code="a">Pi&#xF1;a, G&#xE9;nesis,</subfield>
    <subfield code="e">autora</subfield>
    <subfield code="9">84841</subfield>
  </datafield>
  <datafield tag="700" ind1="1" ind2=" ">
    <subfield code="a">Do&#xF1;&#xE9; de los Santos, Nadia Alejandra,</subfield>
    <subfield code="e">autora</subfield>
    <subfield code="9">84842</subfield>
  </datafield>
  <datafield tag="700" ind1="1" ind2=" ">
    <subfield code="a">Fern&#xE1;ndez, Wendy,</subfield>
    <subfield code="e">Autora</subfield>
    <subfield code="9">84843</subfield>
  </datafield>
  <datafield tag="700" ind1="1" ind2=" ">
    <subfield code="a">Kae Eppler, Shalyn,</subfield>
    <subfield code="e">autora</subfield>
    <subfield code="9">84844</subfield>
  </datafield>
  <datafield tag="700" ind1="1" ind2=" ">
    <subfield code="a">Wick, Esteban,</subfield>
    <subfield code="e">autor</subfield>
    <subfield code="9">84845</subfield>
  </datafield>
  <datafield tag="700" ind1="1" ind2=" ">
    <subfield code="a">Garc&#xED;a, Luis,</subfield>
    <subfield code="e">autor</subfield>
    <subfield code="9">81570</subfield>
  </datafield>
  <datafield tag="700" ind1="1" ind2=" ">
    <subfield code="a">Kerwin, Matilde,</subfield>
    <subfield code="e">autora</subfield>
    <subfield code="9">84846</subfield>
  </datafield>
  <datafield tag="700" ind1="1" ind2=" ">
    <subfield code="a">Galv&#xE1;n, Luic&#xED;a;</subfield>
    <subfield code="e">autora</subfield>
    <subfield code="9">84847</subfield>
  </datafield>
  <datafield tag="700" ind1="1" ind2=" ">
    <subfield code="a">Joseph, Stephania,</subfield>
    <subfield code="e">autora</subfield>
    <subfield code="9">84848</subfield>
  </datafield>
  <datafield tag="700" ind1="1" ind2=" ">
    <subfield code="a">Tejada, Luis Alberto</subfield>
    <subfield code="e">autor</subfield>
    <subfield code="9">84849</subfield>
  </datafield>
  <datafield tag="700" ind1=" " ind2=" ">
    <subfield code="a">Amaro, Valent&#xED;n,</subfield>
    <subfield code="9">12295</subfield>
    <subfield code="e">editor</subfield>
  </datafield>
  <datafield tag="700" ind1="1" ind2=" ">
    <subfield code="a">Javier, Eulogio,</subfield>
    <subfield code="9">53440</subfield>
    <subfield code="e">editor</subfield>
  </datafield>
  <datafield tag="830" ind1=" " ind2=" ">
    <subfield code="n">Taller Literario Letra Joven de Unibe</subfield>
    <subfield code="9">84836</subfield>
  </datafield>
  <datafield tag="942" ind1=" " ind2=" ">
    <subfield code="2">ddc</subfield>
    <subfield code="c">LBS1</subfield>
  </datafield>
  <datafield tag="952" ind1=" " ind2=" ">
    <subfield code="0">0</subfield>
    <subfield code="1">0</subfield>
    <subfield code="2">ddc</subfield>
    <subfield code="5">1</subfield>
    <subfield code="7">0</subfield>
    <subfield code="8">PD</subfield>
    <subfield code="a">BNPHU</subfield>
    <subfield code="b">BNPHU</subfield>
    <subfield code="c">CT</subfield>
    <subfield code="d">2023-07-19</subfield>
    <subfield code="e">Donado por Rosal&#xED;a Pe&#xF1;a</subfield>
    <subfield code="l">0</subfield>
    <subfield code="o">C469f</subfield>
    <subfield code="p">2024-0654</subfield>
    <subfield code="r">2024-02-05</subfield>
    <subfield code="w">2024-02-05</subfield>
    <subfield code="y">LBS1</subfield>
  </datafield>
  <datafield tag="999" ind1=" " ind2=" ">
    <subfield code="c">55770</subfield>
    <subfield code="d">55770</subfield>
  </datafield>
</record>
